Prostná cvičení dorostenek

Hlavní autor: Stupka, František, 1879-1965
Další autoři: Sedlmajerová, Vlasta, 1905-
Vydáno: 1946
Témata:
Fyzický popis: [7] s. ; 33 cm
Hudebniny Hudebniny
Uloženo v:
LEADER 01079ndm a2200313 a 4500
001 000669483
003 CZ BrMZK
005 20240221082355.0
007 q
008 030509s1946 xr zza f d
040 |a BOA001  |b cze 
048 |b ka01 
072 7 |a 786  |x Hudba pro klávesové nástroje  |2 Konspekt  |9 9 
080 |a 796.411  |2 MRF 
080 |a 786.2  |2 MRF 
080 |a 78.089.6  |2 MRF 
080 |a (0.032)78  |2 MRF 
100 1 |a Stupka, František,  |d 1879-1965  |7 ola200200192  |4 cmp 
245 1 0 |a Prostná cvičení dorostenek  |h [rukopis] /  |c Fr. Stupka ; sestavila Vlasta Sedlmajerová 
260 |c 1946 
300 |a [7] s. ;  |c 33 cm 
650 0 4 |a hromadná cvičení (klavír)  |z Československo 
655 7 |a partitury  |7 fd185981  |2 czenas 
655 7 |a hudební rukopisy  |7 fd278469  |2 czenas 
700 1 |a Sedlmajerová, Vlasta,  |d 1905-  |7 jk01110581  |4 aut 
910 |a BOA001  |b RKPMus-1117.241 
990 |a MU 
991 |b 200901 
996 6 |b 2610189536  |c RKPMus-1117.241  |l Stud. starých tisků/4.patro  |r Sklad / do násl. otevíracího dne  |n 0  |w 000669483  |u 000010  |a 1  |e BOA001  |j MZK50  |s P